LEADER 00989nam0-22003371i-450- 001 990002036360403321 005 20021010 035 $a000203636 035 $aFED01000203636 035 $a(Aleph)000203636FED01 035 $a000203636 100 $a20021010d--------km-y0itay50------ba 101 0 $aita 200 1 $aDiptera Brachycera and Athericera of the Fiji Islands$eBased on material in the British Museum.$fMario Bezzi 210 $aLondon$cBritish Museum$d1928 215 $a220 p.$d22 cm 225 1 $aBritish Museum of Natural History$v 610 0 $aDitteri 610 0 $aDitteri, Islanda 610 0 $aAtherigona 610 0 $aBrachycera 676 $a595.77 700 1$aBezzi,$bMario$f<1868-1927>$086579 801 0$aIT$bUNINA$gRICA$2UNIMARC 901 $aBK 912 $a990002036360403321 952 $a61 V C.4/017$b2040$fDAGEN 959 $aDAGEN 996 $aDiptera Brachycera and Athericera of the Fiji Islands$9407519 997 $aUNINA DB $aING01